Hodnotia vaše voľné finančné prostriedky Príloha

Služby Slovenskej kreditnej banky, odboru peňažného a kapitálového trhu. Krátkodobé a termínované vklady. Repoobchody. Krátkodobé preklenovacie úvery.

Guardado en:
Detalles Bibliográficos
Autor principal: Bačišin, Vladimír
Formato: Capítulo de libro
Lenguaje:eslovaco
Materias:
Etiquetas: Agregar Etiqueta
Sin Etiquetas, Sea el primero en etiquetar este registro!

MARC

LEADER 00000naa a2200000 4500
001 r021060
005 20251104124017.5
041 0 |a slo 
044 |a SK 
245 1 0 |a Hodnotia vaše voľné finančné prostriedky  |b Príloha  |c V. Bačišin 
520 |a Služby Slovenskej kreditnej banky, odboru peňažného a kapitálového trhu. Krátkodobé a termínované vklady. Repoobchody. Krátkodobé preklenovacie úvery. 
610 2 0 |a bankovníctvo 
610 2 0 |a banky 
610 2 0 |a služby 
610 2 0 |a Slovenská kreditná banka, a.s. Bratislava 
610 2 0 |a vklady 
610 2 0 |a úver krátkodobý 
610 2 0 |a úver preklenovací 
610 2 0 |a repo obchody 
100 1 |a Bačišin, Vladimír